000 00575nab a2200157Ia 4500
003 ES-SlBCS
005 20210601131318.0
008 140529s2001 xxu||||| |||| 00| 0 fre d
041 _afre
100 1 _aJarousse, Jean-Pierre
_9183388
245 0 0 _aVariété des modes d'organisation des premiers cycles et réussité universitaire
_c Jean-Pierre Jarousse, Christophe Michaut
650 0 4 _aCurricula-Organización Pedagógica
_9183633
700 1 _aMichaut, Christophe
_9183634
773 0 _tRevue Française de Pedagogie
_gnº. 136, 2001, págs. 41-51
_wRev888
942 _cAR
999 _c561109
_d561109